Open Data Biblioteca Nacional de Portugal


República Portuguesa: Ministério da Cultura
Biblioteca Nacional de Portugal

Catálogo da BNP: acesso por Identificadores Unívocos
Registos Bibliográficos associados ao registo de autoridade

Etiqueta de registo: 00254nkm 2200109 450
001 2289051
003 http://id.bnportugal.gov.pt/bib/catbnp/2289051
100 ## $a20260629d1987 m y0pory01030103ba
101 0# $apor
102 ## $aPT
200 1# $a1º Festival Teatro Amador do Distrito de Bragança, no Centro Cultural CMB, audit. Paulo Quintela, 22-24 maio 87$bVisual gráfico]$fServiço Regional Secretaria de Estado da Juventude, F.A.O.J.
210 #9 $aBragança$cSecretaria de Estado da Juventude$cF.A.O.J.,$d1987
215 ## $a1 cartaz$ccolor.$d56x36 cm
317 ## $aColeção Madeira Luís
675 ## $a766(=1:469)"198"(084.5)$vBN$zpor$31302430
675 ## $a792(469.201)"1987"(084.5)$vBN$zpor$32001923
710 12 $aFestival de Teatro Amador do Distrito de Bragança,$d2,$eBragança,$f1987$32001922
712 01 $aPortugal.$bSecretaria de Estado da Juventude$4557$315357
712 01 $aPortugal.$bFundo de Apoio aos Organismos Juvenis$4557$314268
801 #0 $aPT$bBN$gRPC
966 ## $lBN$mICONOG$pFrancisco Madeira Luís$sCT. 17964 A.$x3
971 ## $ctoliveira$d20260629

OpendataBNP@bnportugal.pt | Mais informação sobre acesso aos dados BNP